Normativní model systému řízení strojírenského podniku

Uložené v:
Podrobná bibliografia
Hlavný autor: Štrup, I.
Ďalší autori: Och, František, Slavíková, B.
Médium: Kniha
Jazyk:Czech
Vydavateľské údaje: Praha Výzkumný ústav strojírenské technologie a ekonomiky 1981
Edícia:Knižnice VUSTE sv. 173
Tagy: Pridať tag
Žiadne tagy, Buďte prvý, kto otaguje tento záznam!

MARC

LEADER 00000nam a2200000 4500
001 c129062
005 20041019155245.3
041 0 |a cze 
044 |a CZ 
245 1 0 |a Normativní model systému řízení strojírenského podniku  |c I. Štrup, František Och, B. Slavíková 
264 1 |a Praha  |b Výzkumný ústav strojírenské technologie a ekonomiky  |c 1981 
300 |a 145 s. 
490 1 |a Knižnice VUSTE  |v sv. 173 
830 0 |a Knižnice VUSTE  |v sv. 173 
100 1 |a Štrup, I. 
700 1 |a Och, František 
700 1 |a Slavíková, B.